Calles, avenidas y bulevares famosos #1 - Estadísticas

Estadísticas generales
  • Esta prueba ha sido intentada 88 veces
  • La puntuación promedio es 3 de 12
Estadísticas de respuestas
Pista Nombre de la vía % Correcto
Famosa avenida parisina que forma parte del recorrido del Tour de France Campos Elíseos
70%
Avenida en Nueva York famosa por sus teatros y ser sede de este mundo Broadway
68%
Recorrido en Hollywood que conmemora a las personalidades más icónicas del mundo del espectáculo usando estrellas con sus nombres Paseo de la fama
62%
Calle inmortalizada en un álbum de la banda inglesa The Beatles Abbey Road
46%
Icónica avenida en Playa del Carmen, México por su gran cantidad de tiendas, restaurantes, bares y hoteles Quinta Avenida
35%
Avenida de vital importancia en Buenos Aires, es principalmente conocida por tener en su alcances el Obelisco Avenida del 9 de julio
24%
Una de las avenidas principales de la Ciudad de México, mandada a construir por Maximiliano de Habsburgo y remodernizada por Porfirio Díaz como una copia de los Campos Elíseos en París Paseo de la Reforma
9%
Bulevar principal de Berlín que conduce a la Puerta de Brandemburgo Unter Den Linden
9%
Calle en Jerusalén mundialmente conocida por ser el camino que siguió Jesús hacia su crucifixión Vía Dolorosa
7%
Calle en Lisboa conocida como "la mejor de la ciudad para ir de compras" Calle Augusta
3%
Avenida en Osaka, Japón cuyo nombre significa "pueblo americano", y es llamada así debido a la gran cantidad de tiendas de origen occidental Amerikamura
1%
Situada en Singapur, calle famosa por ser un destino de las compras, toma su nombre de cuando en el siglo XIX se vendían productos como nueces y pimienta Orchard Road
0%
No se encontraron pruebas coincidentes
Distribución de puntuación
Porcentaje de gente con cada puntuación
Porcentaje por número respondido
Historial de tus puntuaciones
No has intentado esta prueba.